Normal view
MARC view
- Human powered vehicles
Entry Topical Term
001 - CONTROL NUMBER
- control field: 38705
003 - CONTROL NUMBER IDENTIFIER
- control field: NUST
005 - DATE AND TIME OF LATEST TRANSACTION
- control field: 20210314131136.0
008 - FIXED-LENGTH DATA ELEMENTS
- fixed length control field: 210314|| aca||aabn | a|a d
040 ## - CATALOGING SOURCE
- Original cataloging agency: NUST
- Transcribing agency: NUST
150 ## - HEADING--TOPICAL TERM
- Topical term or geographic name entry element: Human powered vehicles
- Geographic subdivision: Asia
670 ## - SOURCE DATA FOUND
- Source citation: Work cat.: (NUST): Replogle, Michael A. 38702, Non-motorized vehicles in Asian cities /, c1992.
